00547nam a22001457a 4500040000900000082001500009100002900024110002700053245008900080260004600169650005400215942001200269999001900281952010100300 cNUST a519.5bSPI aLipschutz ,Seymour98529 aSchiller ,John9123318 aSchaum's Outline of Theory and problems:bIntroduction Probability and Statistics:  aLahore:bNational Book Foundation,c2000. aIntroduction Probability and Statistics ,9123319 2ddccBK c609544d609544 00102ddc4070aCEMEbCEMEcGENd2024-06-06o519.5 SPIpCEME- 42422r2024-06-06w2024-06-06yBK